La economía de las desigualdades : como implementar una redistribución justa y eficaz de la riqueza /

Guardado en:
Autor Principal: Piketty, Thomas
Formato: Libro
Publicado: Buenos Aires : Siglo Veintiuno, 2015
Series:Sociología y política. Rombos Teóricos / Gabriel Kessler
Materias:
Etiquetas: Agregar Etiqueta
Sin Etiquetas, Sea el primero en etiquetar este registro!
LEADER 00955nam a22002415a 4500
001 CEM.cems014559
005 20150319154840.0
008 130507s2015##################000#0#####d
003 CEMS
020 |a 9789876295031 
082 0 4 |a 339.2 
100 1 |a Piketty, Thomas 
245 1 0 |a La economía de las desigualdades :  |b como implementar una redistribución justa y eficaz de la riqueza /  |c Thomas Piketty 
260 |a Buenos Aires :  |b Siglo Veintiuno,  |c 2015 
300 |a 208 p. 
490 0 |a Sociología y política. Rombos Teóricos / Gabriel Kessler 
500 |a Traducción de María de la Paz Georgiadis 
505 0 |a Cómo medir las desigualdades y su evolución -- La desigualdad capital/trabajo -- La desigualdad de los ingresos del trabajo -- Las herramientas de la redistribución 
653 |a Sociología 
653 |a Economía 
653 |a Desigualdad 
653 |a Capitalismo 
859 |a CEMS  |b BIB. CEMS - 11 de abril  |h 339.2  |i P637  |p 27119.15  |t Ej.1